TACITE AVEC NOTES POLITIQUES. LES SEX PRIMIERES LIVRES DE SES ANNALES. PRIMA PARTE. (Record n. 294455)
[ formato base ]
| 000 -LEADER | |
|---|---|
| fixed length control field | 01200nam a2200229Ia 4500 |
| 001 - CONTROL NUMBER | |
| control field | A940-35628 |
| 003 - CONTROL NUMBER IDENTIFIER | |
| control field | IT-CnALBA |
| 008 - FIXED-LENGTH DATA ELEMENTS--GENERAL INFORMATION | |
| fixed length control field | 170116s9999||||xx |||||||||||||| ||und|| |
| 040 ## - CATALOGING SOURCE | |
| Original cataloging agency | IT-CnALBA |
| Transcribing agency | IT-CnALBA |
| 041 ## - LANGUAGE CODE | |
| Language code of text/sound track or separate title | FRANCESE |
| 999 ## - SYSTEM CONTROL NUMBERS (KOHA) | |
| Koha Dewey Subclass [OBSOLETE] | SI |
| 100 ## - MAIN ENTRY--PERSONAL NAME | |
| Personal name | TACITO P. CORNELIO |
| 245 #0 - TITLE STATEMENT | |
| Title | TACITE AVEC NOTES POLITIQUES. LES SEX PRIMIERES LIVRES DE SES ANNALES. PRIMA PARTE. |
| 250 ## - EDITION STATEMENT | |
| Edition statement | 1a ed. |
| 260 ## - PUBLICATION, DISTRIBUTION, ETC. (IMPRINT) | |
| Name of publisher, distributor, etc. | MARTIN E. & BUDOT J. CHEZ VEUVE.., PARI' |
| Date of publication, distribution, etc. | 1690 [1° Ed.:1690] |
| 300 ## - PHYSICAL DESCRIPTION | |
| Extent | 503 p. |
| 500 ## - GENERAL NOTE | |
| General note | PRIMI VI LIBRI DEGLI ANNALI. NOTE POLITICHE. LETTERA DEDICATORIA. PREMESSE. CRITICA DI AUTORI MODERNI. CAVRIAGA F. SCIPIONE A. PAGLIANI G. PUCCI B. DALLA TORRE R. ALTRI ITALIANI ED ESTERI. DISCORSO CRITICO. DISCORSO CRITICO. INDICE ANALITICO. |
| 501 ## - WITH NOTE | |
| With note | Società San Paolo EM - Piazza San Paolo, 14 - 12051 ALBA (CN) (non commercial uses only) ® Copyright 2017 |
| 520 ## - SUMMARY, ETC. | |
| Summary, etc. | PRIMI VI LIBRI DEGLI ANNALI. NOTE POLITICHE. LETTERA DEDICATORIA. PREMESSE. CRITICA DI AUTORI MODERNI. CAVRIAGA F. SCIPIONE A. PAGLIANI G. PUCCI B. DALLA TORRE R. ALTRI ITALIANI ED ESTERI. DISCORSO CRITICO. DISCORSO CRITICO. INDICE ANALITICO. |
| 650 ## - SUBJECT ADDED ENTRY--TOPICAL TERM | |
| Topical term or geographic name as entry element | STORIA ANTICA |
| 942 ## - ADDED ENTRY ELEMENTS (KOHA) | |
| Koha item type | LIBRO |
| 957 ## - | |
| -- | 1 |
| 999 ## - SYSTEM CONTROL NUMBERS (KOHA) | |
| -- | Copie: 1 |
| Withdrawn status | Lost status | Damaged status | Not for loan | Home library | Current library | Date acquired | Total Checkouts | Full call number | Date last seen | Price effective from | Koha item type | Public note |
|---|---|---|---|---|---|---|---|---|---|---|---|---|
| Buone Condizioni | Not For Loan | ALBA - Biblioteca | ALBA - Biblioteca | 16/01/2017 | A940-35628 | 16/01/2017 | 16/01/2017 | LIBRO | (data import: 16 gennaio 2017) - By Epidotti, Vaglietti. |